• 首页
  • 本馆介绍
  • 公告通知
  • 最新文献
  • 馆藏检索
  • 电子资源
  • 读者导购
  • 参考咨询
  • 我的图书馆
  • 登录
  • 详细信息显示
  • 放入我的书架
  • 预约/预借图书
  • 作者相关作品
  • 分类相关作品
  • 丛书相关作品
  • 出版社相关作品

书目信息

  • 表格格式
  • 工作单格式
  • 卡片格式
题名:
大屏幕显示
    
 
作者: 西田信夫 主编 ;马杰 译
分册:  
出版信息: 北京   科学出版社  2003.03
页数: 190页
开本: 21cm
丛书名: 前沿显示技术丛书
单 册:
中图分类: TN27
科图分类:
主题词: 显示
电子资源:
ISBN: 7-03-011035-8
000 00671nam0 2200229 450
001 0433637184
005 20040413092036.81
010    @a7-03-011035-8@dCNY18.00
100    @a20040413d2003 km y0chiy0120 ea
101 0  @achi
102    @aCN@b110000
200 1  @a大屏幕显示@Ada ping mu xian shi@f(日)西田信夫主编@F(ri)xi tian xin fu zhu bian@g马杰译@Gma jie yi
210    @a北京@c科学出版社@d2003.03
215    @a190页@c图@d21cm
225 2  @a前沿显示技术丛书
410  0 @12001 @a前沿显示技术丛书
606 0  @a显示
690    @aTN27@v4
701  0 @a西田信夫@Axi tian xin fu@4主编
702  0 @a马杰@Ama jie@4译
801  0 @aCN@bPFT@c20040413
905    @aBZT@dTN27@e2@f5
    
    大屏幕显示/(日)西田信夫主编/马杰译.-北京:科学出版社,2003.03
    190页:图;21cm.-(前沿显示技术丛书)
    
    
    ISBN 7-03-011035-8:CNY18.00
    
●
相关链接 在五车中查询图书 在当当中查询图书 在豆瓣中查询图书


正题名:大屏幕显示     索取号:TN27/2         预约/预借

序号 登录号 条形码 馆藏地/架位号 状态 备注
1 0362782   200290443   样本书库/样006架B面1层3列/ [索取号:TN27/2] 在馆    
2 0362784   200290461   中心书库中库/ 中库029架A面7列2层7/ [索取号:TN27/2] 在馆    
3 0362785   200290425   中心书库中库/ 中库029架A面7列2层8/ [索取号:TN27/2] 在馆    
4 0362786   200290452   中心书库中库/ 中库029架A面7列2层9/ [索取号:TN27/2] 在馆    
山东省滨州职业学院图书馆 欢迎您!
大连网信软件有限公司© 版权所有